| 000 | 00462nam a2200169Ia 4500 | ||
|---|---|---|---|
| 008 | 230917s9999||||xx |||||||||||||| ||und|| | ||
| 020 | _cRS0.7 | ||
| 040 |
_e13031 _aMAIN |
||
| 041 | _aEnglish | ||
| 082 | _a519.5 G643B | ||
| 100 | _aGoon, A M | ||
| 245 | 0 | _aBasic statistics: For students of economics, commerce, accountancy and the biological sciences | |
| 250 | _a4th ed. | ||
| 260 |
_aCalcutta _bWorld Press _c1993 |
||
| 300 | _axiii,536 p. | ||
| 942 | _cBK | ||
| 999 |
_c84837 _d84837 |
||